| 000 | 00405nam a2200181Ia 4500 | ||
|---|---|---|---|
| 003 | 0100 | ||
| 008 | 130227s9999 xx 000 0 und d | ||
| 040 | _cARRUPELIB | ||
| 050 | _aBR1713.C799A3 | ||
| 100 | _aCrawford, Eve | ||
| 245 | 4 | _aThe salts of the earth | |
| 260 | _aEdinburgh | ||
| 260 | _bThe Pentland Press | ||
| 260 | _C2000 | ||
| 300 | _axiii | ||
| 300 | _b 110p. 20cm. | ||
| 942 |
_2lcc _01 |
||
| 999 |
_c6479 _d6479 |
||